000 00418nam a2200181Ia 4500
001 418
005 20260306140516.0
008 260306t1987||||xx |||||||||||||| ||spa||
041 _aESP
082 _a111.84
_bC28
100 _aCardona, Carlos
_eAUT
245 0 _aMetafĂ­sica del bien y del mal
260 _c1987
300 _a232 páginas :
_c24 cm.
650 _aGEN
654 _aCHU
942 _cLIB
_dJUS
_fJUS
_2ddc
_n
999 _c418
_d418